000 00886nam a22002891a 4500
001 17340
003 BD-RjUL
005 20211209000126.0
008 140216s1943 nyua b 001 0 eng d
035 _a(BD-RjUL)17398
035 _a(OCoLC)2096788
040 _aDLC
_cMNS
_dMNS
_dBD-RjUL
_beng
041 _aeng
082 0 0 _a620.18
_bSEP 1943
100 1 _aSeitz, Frederick,
_d1911-2008.
_927045
245 1 4 _aThe physics of metals /
_cby Frederick Seitz.
250 _a1st ed.
260 _aNew York ;
_aLondon :
_bMcGraw-Hill,
_c1943.
300 _axiii, 330 p. :
_bill. ;
_c22 cm.
490 0 _aMetallurgy and metallurgical engineering series
500 _a"Periodic chart of the elements" on end lining-papers.
504 _aIncludes bibliographical references and indexes.
650 0 _aMetals.
_953439
942 _2ddc
_cBK
999 _c17340
_d17340